El hombre y el animal / (Record no. 176801)

MARC details
000 -LEADER
campo de control de longitud fija 00801nam a22002415i 4500
001 - NÚMERO DE CONTROL
campo de control 176801
003 - IDENTIFICADOR DE NÚMERO DE CONTROL
campo de control ES-MaACL
005 - FECHA Y HORA DE LA ÚLTIMA TRANSACCIÓN
campo de control 20230906220202.0
008 - DATOS DE LONGITUD FIJA--INFORMACIÓN GENERAL
campo de control de longitud fija 110210s1970 sp ao |||| | spa d
080 ## - NÚMERO DE LA CLASIFICACIÓN DECIMAL UNIVERSAL
Número de la Clasificación Decimal Universal 59(089.3)
100 1# - ENTRADA PRINCIPAL--NOMBRE DE PERSONA
Nombre de persona Graven, Jacques.
9 (RLIN) 59775
245 13 - MENCIÓN DEL TÍTULO
Título El hombre y el animal /
Mención de responsabilidad, etc. [Jacques Graven ; traducción de Mª Dolores Orriols].
250 ## - MENCION DE EDICION
Mención de edición 1ª ed.
260 ## - PUBLICACIÓN, DISTRIBUCIÓN, ETC.
Lugar de publicación, distribución, etc. Esplugas de Llobregat (Barcelona) :
Nombre del editor, distribuidor, etc. Plaza & Janés,
Fecha de publicación, distribución, etc. 1970.
300 ## - DESCRIPCIÓN FÍSICA
Extensión 254 p. :
Otras características físicas il. ;
Dimensiones 18 cm.
490 1# - MENCIÓN DE SERIE
Mención de serie Enciclopedia horizonte ;
Designación de volumen o secuencia 9
504 ## - NOTA DE BIBLIOGRAFÍA, ETC.
Nota de bibliografía, etc. Bibliografía: p. 253-254.
650 #4 - PUNTO DE ACCESO ADICIONAL DE MATERIA--TÉRMINO DE MATERIA
Término de materia o nombre geográfico como elemento de entrada Animales-
Subdivisión general Curiosidades.
9 (RLIN) 145149
700 1# - ENTRADA AGREGADA--NOMBRE PERSONAL
Nombre de persona Orriols, María Dolores.
9 (RLIN) 145148
830 1# - PUNTO DE ACCESO ADICIONAL DE SERIE-TÍTULO UNIFORME
Título uniforme Enciclopedia horizonte ;
Designación de volumen o secuencia 9
9 (RLIN) 190248
852 4# - LOCALIZACIÓN
Ubicación ES-MaACL
Número de control de estantería E-14278
Encuadernación Olim P-1404
Holdings
Estatus retirado Estado de pérdida Estado de daño No para préstamo Biblioteca de origen Biblioteca actual Ubicación en estantería Fecha de adquisición Fuente de adquisición Total de préstamos Signatura topográfica completa Código de barras Visto por última vez Precio de reemplazo Tipo de ítem Koha
        Biblioteca del Ateneo de Madrid Biblioteca del Ateneo de Madrid Depósito 2 10/02/2011     E-14278 1185693 23/02/2023 23/02/2023 Libro impreso